<?xml version="1.0" encoding="UTF-8"?>
<marc:record xmlns:marc="http://www.loc.gov/MARC21/slim">
   <marc:leader>00000nam a2200000 a 4500</marc:leader>
   <marc:datafield ind1="1" ind2=" " tag="100">
      <marc:subfield code="a">Hula, Saskia</marc:subfield>
      <marc:subfield code="4">aut</marc:subfield>
      <marc:subfield code="e">Verfasser/-in</marc:subfield>
   </marc:datafield>
   <marc:datafield ind1=" " ind2=" " tag="653">
      <marc:subfield code="a">Antolin Klasse-3</marc:subfield>
   </marc:datafield>
   <marc:datafield ind1="0" ind2="0" tag="245">
      <marc:subfield code="a">Romeo soll Vater werden</marc:subfield>
   </marc:datafield>
   <marc:datafield ind1="0" ind2="0" tag="245">
      <marc:subfield code="b">Band 2</marc:subfield>
   </marc:datafield>
   <marc:datafield ind1=" " ind2="1" tag="264">
      <marc:subfield code="b">Obelisk-Verl.</marc:subfield>
      <marc:subfield code="c">2007</marc:subfield>
   </marc:datafield>
   <marc:datafield ind1="1" ind2=" " tag="490">
      <marc:subfield code="a">Der Kater Romeo-Lesespaß</marc:subfield>
   </marc:datafield>
   <marc:datafield ind1="1" ind2=" " tag="520">
      <marc:subfield code="a">Auf der Suche nach einem Katzenfräulein für Kater Romeo. (ab 7) (JE) Juliane hätte so gern ein Katzenbaby! Aber sie weiß, dass sie hier auf Granit beißen wird, denn ihren Eltern reicht Romeo voll und ganz. So hat Juliane die fabelhafte Idee, für ihren schwarzen Kater um eine passende Frau zu werben, damit diese ihn zum Vater macht. Nur: Wie unterscheidet man die Kater von Katzen, die sich in der Nachbarschaft aufhalten? So einfach ist das nämlich gar nicht! Das Mädchen macht sich schließlich eine Katzendame mit Wurst und Streicheleinheiten gewogen, in der Hoffnung, dass diese und Romeo sich gefallen werden. Und sie unternimmt einige Anstrengungen, vermeintliche Kater-Konkurrenten fernzuhalten. Wie diese Geschichte ausgeht, ist überraschend und wirklich lustig zu lesen! Sehr empfehlenswert für Leseprofis ab der zweiten Schulstufe. *bn* Rebecca Englert</marc:subfield>
   </marc:datafield>
   <marc:datafield ind1=" " ind2=" " tag="020">
      <marc:subfield code="a">9783851975512</marc:subfield>
      <marc:subfield code="9">9783851975512</marc:subfield>
   </marc:datafield>
</marc:record>
